Score 0/26 Timer 03:00
0 Plays Today
Clue Missing Word % Correct
Charles the Simple, King of ______France
91.7%
____ Edward and Earl AethelredKing
91%
Alfonso III the _____Great
89.7%
_____ Ælfflæd of WessexQueen
89%
Pope John _X
89%
Byzantine _______ Leo VI SophosEmperor
88.3%
Daigo, emperor of _____Japan
88.3%
Vikings conquer much of _______Ireland
87.6%
Orso II becomes the Doge of ______Venice
85.5%
______ of Saint-Clair-sur-Epte is signedTreaty
84.8%
_______ I of AquitaineWilliam
81.4%
Warwick is founded on the _____ AvonRiver
80.7%
Hatto I, __________ of MainzArchbishop
79.3%
Clue Missing Word % Correct
____ Koenraad I of GermanyDuke
79.3%
___ Miguel de EscaladaSan
78.6%
The ______ of TettenhallBattle
77.2%
Arnulf I the ___Old
74.5%
_____ the Child, last Carolingian rulerLouis
71%
Benedictine ____ NottkerMonk
71%
Balderik becomes bishop of _______Utrecht
69.7%
Liu ___, Tang Dynasty leaderYin (or Yan)
66.2%
Chinese ____ and writer Wei ZhuangPoet
66.2%
Frankish army defeated by _______Hungary
65.5%
Wifred II, _____ of BarcelonaCount
64.8%
Oleg of ________ (Russia)Novgorod
46.9%
Empress ___ KarbonopsinaZoe
45.5%
Remove Ads.
Support Sporcle.
Get the best of Sporcle when you Go Orange. This ad-free experience offers more features, more stats, and more fun while also helping to support Sporcle. Thank you for becoming a member.

You're not logged in!

Compare scores with friends on all Sporcle quizzes.
OR
Log In

Show Comments

Extras

Top Quizzes Today


Score Distribution

Your Account Isn't Verified!

In order to create a playlist on Sporcle, you need to verify the email address you used during registration. Go to your Sporcle Settings to finish the process.

Report this User

Report this user for behavior that violates our Community Guidelines.

Details: